Zdravotnická psychologie teorie a praktická cvičení

Podrobná bibliografia
Hlavný autor: Zacharová, Eva, 1955- (Autor)
Médium: Kniha
Jazyk:čeština
Fyzický popis:264 s. tabuľky 24 cm
Vydavateľské údaje: Praha Grada Publishing 2017
ISBN:9788027101559
Vydanie:2., aktualiz. a dopl. vyd.
Edícia:Sestra (Grada)
Predmet:

MARC

LEADER 00000cam a2200000 a 4500
001 vtls011621171
003 SK-MaSNL
005 20260302085727.0
008 240318s2017 xr l e np 001 0 cze
020 |a 9788027101559  |q (brož.) 
040 |a SNK  |b slo  |c SNK  |e AACR2 
041 0 |a cze  |b eng 
044 |a xr  |c CZ 
072 7 |a 61  |x Lekárske vedy. Medicína  |2 konspekt 
080 |a 61:159.9  |2 2011 
080 |a (075.3)  |2 2011 
080 |a (076.5)  |2 2011 
080 |a (075.8)  |2 2011 
100 1 |a Zacharová, Eva,  |d 1955-  |4 aut  |9 209768 
245 1 0 |a Zdravotnická psychologie  |b teorie a praktická cvičení  |c Eva Zacharová 
250 |a 2., aktualiz. a dopl. vyd. 
260 |a Praha  |b Grada Publishing  |c 2017 
300 |a 264 s.  |b tabuľky  |c 24 cm 
490 1 |a Sestra 
500 |a V tiráži aj chybný údaj o vydaní: 1. vydání 
504 |a Bibliografia na strane 257-260 ; register 
546 |a Anglické resumé 
650 0 7 |a Medical psychology  |2 SNKPHeng  |9 286106 
650 0 7 |a zdravotnícka psychológia  |2 SNKPH  |9 204864 
655 7 |a učebnice stredných škôl  |2 SNKPH  |9 69323 
655 7 |a praktické cvičenia  |2 SNKPH  |9 70517 
655 7 |a Textbooks (secondary)  |2 SNKPHeng  |9 276359 
655 7 |a Textbooks (postsecondary)  |2 SNKPHeng  |9 536360 
655 7 |a Problems, exercises, etc.  |2 SNKPHeng  |9 278342 
655 7 |a učebnice vyšších odborných škôl  |2 SNKPH  |9 319521 
830 0 |a Sestra (Grada)  |9 302989 
852 |a Štátna vedecká knižnica v Banskej Bystrici 
919 |a 978-80-271-0155-9 
958 |a NB 
958 |a MI 
999 |c 1193516  |d 1195446 
952 |t snkZACH 61.159.9  |a SNKUST  |b SNKUST  |y PREZ  |7 0  |p 17A1332063  |o snkIC 144073  |i snk2018/12993  |8 3  |g 9.71  |0 0  |1 0  |4 0  |d 2018-06-15  |l 0  |r 2025-03-19 00:00:00  |w 2026-02-24